| 000 | nam a22 7a 4500 | ||
|---|---|---|---|
| 999 |
_c29274 _d29274 |
||
| 008 | 171124b xxu||||| |||| 00| 0 eng d | ||
| 020 | _a9780335213214 | ||
| 050 | _aLB 2322.2 .W35 2006 | ||
| 100 |
_aWalker, Melaine. _d2006. |
||
| 245 |
_aHigher Education Pedagogies / _bA Capabilities Approach / _cMelaine, Walker. |
||
| 250 | _a1st ed. | ||
| 260 |
_aUSA _bOpen University press, _c2006. |
||
| 300 |
_aix,173p. _bincludes bibliographical references and index. |
||
| 650 | _aMoral Education. | ||
| 942 |
_2lcc _cBOOKS _hLB 2322.2 .W35 2006 |
||